000 00237nam a22001097a 4500
999 _c65401
_d65398
082 _a297.17MAZ
100 _aDr Mahar abdul Haq
245 _aEducational philosophy of the Holy Quran
260 _aLahore
300 _a330p
942 _cBK